<?xml version='1.0' encoding='UTF-8'?>
  <record xmlns="http://www.loc.gov/MARC21/slim">
    <leader>00000cam a22000007i 4500</leader>
    <controlfield tag="001">ocm15019878</controlfield>
    <controlfield tag="003">OCoLC</controlfield>
    <controlfield tag="005">20240722164820.4</controlfield>
    <controlfield tag="008">861229s1595    gw ab         001 0 lat d</controlfield>
    <datafield tag="040" ind1=" " ind2=" ">
      <subfield code="a">CLU</subfield>
      <subfield code="b">eng</subfield>
      <subfield code="e">rda</subfield>
      <subfield code="e">dcrmr</subfield>
      <subfield code="c">CLU</subfield>
      <subfield code="d">OCLCG</subfield>
      <subfield code="d">OCLCQ</subfield>
      <subfield code="d">OCLCF</subfield>
      <subfield code="d">OCLCQ</subfield>
      <subfield code="d">OCLCO</subfield>
      <subfield code="d">OCLCQ</subfield>
      <subfield code="d">OCLCO</subfield>
      <subfield code="d">OCLCL</subfield>
      <subfield code="d">QGJ</subfield>
      <subfield code="d">OCLCO</subfield>
      <subfield code="d">OCLCQ</subfield>
    </datafield>
    <datafield tag="035" ind1=" " ind2=" ">
      <subfield code="a">(OCoLC)15019878</subfield>
    </datafield>
    <datafield tag="041" ind1="1" ind2=" ">
      <subfield code="a">lat</subfield>
      <subfield code="h">ger</subfield>
    </datafield>
    <datafield tag="050" ind1=" " ind2="4">
      <subfield code="a">G140</subfield>
      <subfield code="b">.R66p</subfield>
    </datafield>
    <datafield tag="100" ind1="1" ind2=" ">
      <subfield code="a">Romain, Adrien,</subfield>
      <subfield code="d">1561-1615,</subfield>
      <subfield code="e">author.</subfield>
      <subfield code="4">aut</subfield>
      <subfield code="1">https://id.oclc.org/worldcat/entity/E39PBJkdhDmqcmKqq3HbRh34v3</subfield>
    </datafield>
    <datafield tag="245" ind1="1" ind2="0">
      <subfield code="a">Paruum theatrum vrbium sive Vrbium praecipuarum totius orbis breuis et methodica Descriptio. /</subfield>
      <subfield code="c">Authore Adriano Romano E. A.</subfield>
    </datafield>
    <datafield tag="246" ind1="3" ind2=" ">
      <subfield code="a">Parvvm theatrvm vrbivm sive Vrbivm praecipvarvm totivs orbis brevis et methodica descriptio</subfield>
    </datafield>
    <datafield tag="246" ind1="3" ind2=" ">
      <subfield code="a">Parvum theatrum urbium siue Urbium praecipuarum totius orbis brevis et methodica descriptio</subfield>
    </datafield>
    <datafield tag="264" ind1=" " ind2="1">
      <subfield code="a">Francoforti :</subfield>
      <subfield code="b">Ex officina Typographica Nicolai Bassaei.,</subfield>
      <subfield code="c">anno M.D.XCV. [1595]</subfield>
    </datafield>
    <datafield tag="300" ind1=" " ind2=" ">
      <subfield code="a">[8], 365 (that is, 371), [25] pages :</subfield>
      <subfield code="b">illustrations, maps ;</subfield>
      <subfield code="c">21 cm (4to)</subfield>
    </datafield>
    <datafield tag="336" ind1=" " ind2=" ">
      <subfield code="a">text</subfield>
      <subfield code="b">txt</subfield>
      <subfield code="2">rdacontent</subfield>
    </datafield>
    <datafield tag="337" ind1=" " ind2=" ">
      <subfield code="a">unmediated</subfield>
      <subfield code="b">n</subfield>
      <subfield code="2">rdamedia</subfield>
    </datafield>
    <datafield tag="338" ind1=" " ind2=" ">
      <subfield code="a">volume</subfield>
      <subfield code="b">nc</subfield>
      <subfield code="2">rdacarrier</subfield>
    </datafield>
    <datafield tag="340" ind1=" " ind2=" ">
      <subfield code="m">4to</subfield>
      <subfield code="2">rdabf</subfield>
    </datafield>
    <datafield tag="500" ind1=" " ind2=" ">
      <subfield code="a">Contains numerous woodcut views and maps of cities in Europe.</subfield>
    </datafield>
    <datafield tag="500" ind1=" " ind2=" ">
      <subfield code="a">Title page in red a black, within simple lined border.</subfield>
    </datafield>
    <datafield tag="500" ind1=" " ind2=" ">
      <subfield code="a">Printer's device on title page.</subfield>
    </datafield>
    <datafield tag="500" ind1=" " ind2=" ">
      <subfield code="a">All printed text enclosed in a plain rule border.</subfield>
    </datafield>
    <datafield tag="500" ind1=" " ind2=" ">
      <subfield code="a">Signatures: ):(⁴ A-Z⁴, Aa-Zz⁴, Aaa-Ccc⁴, Ddd².</subfield>
    </datafield>
    <datafield tag="500" ind1=" " ind2=" ">
      <subfield code="a">With woodcut initials, head-piece, tail-pieces and printed marginal notes.</subfield>
    </datafield>
    <datafield tag="500" ind1=" " ind2=" ">
      <subfield code="a">Errors in pagination: pages 257-258 omitted, pages 327-330 repeated, pages 363-365 (following page 366) repeated.</subfield>
    </datafield>
    <datafield tag="500" ind1=" " ind2=" ">
      <subfield code="a">"Descriptionis vrbivm vniversalis pars qvarta: in qua de novo orbe sive India Occidentali", p. 359-365, has separate caption title and contains descriptions of New France, Florida, New Spain, Nova Galicia, Yucatan, Cuba, islands in the West Indies, places in Central America, Brazil, Peru and others.</subfield>
    </datafield>
    <datafield tag="500" ind1=" " ind2=" ">
      <subfield code="a">Contains a prefatory verse titled "Vrbium Italicarum descriptio", attributed to the English poet Thomas Edwards.</subfield>
    </datafield>
    <datafield tag="500" ind1=" " ind2=" ">
      <subfield code="a">Contains a verse titled "De Eminentia Theatri Urbium" by Wendelin Helbach.</subfield>
    </datafield>
    <datafield tag="500" ind1=" " ind2=" ">
      <subfield code="a">"Dr. A. Ruland, in the Bibliophile Belge V, p. 252, says that the text of this work is only a translation of the indices, annexed to teach of the 6 volumes of the German edition of G[eorg] Braun and F[rans] Hogenberg's Civitates Orbis Terrarum (1586). He adds that Romanus had made this translation originally for his private use; by chance it came into the hands of the publisher N. Bassaeus of Frankfort, the same who had published the different editions of A. Saur's German Parvum Theatrum (which is likewise nothing else but a reprint, geographically arranged of the above mentioned alphabetical indices of Braun and Hogenberg). At the earnest desire of N. Bassaeus, Romanus permitted his translation to be printed, and for the illustration of it the publisher made use of the same views, which are in Saur's work. It is in this manner that the curious coincidence of the 2 works must be explained."--Taken from Muller.</subfield>
    </datafield>
    <datafield tag="500" ind1=" " ind2=" ">
      <subfield code="a">Includes index.</subfield>
    </datafield>
    <datafield tag="500" ind1=" " ind2=" ">
      <subfield code="a">On title page: "Cum gratia &amp; priuilegio Casaerae Maiestatis speciali ad decennium."</subfield>
    </datafield>
    <datafield tag="510" ind1="4" ind2=" ">
      <subfield code="a">Adams, H.M. Catalogue of books printed on the continent of Europe, 1501-1600, in Cambridge libraries,</subfield>
      <subfield code="c">R 694</subfield>
    </datafield>
    <datafield tag="510" ind1="4" ind2=" ">
      <subfield code="a">Kiessling, N.K. Library of Robert Burton,</subfield>
      <subfield code="c">1361</subfield>
    </datafield>
    <datafield tag="510" ind1="4" ind2=" ">
      <subfield code="a">Verzeichnis der im deutschen Sprachbereich erschienenen Drucke des 16. Jahrhunderts (VD 16),</subfield>
      <subfield code="c">R 3024</subfield>
      <subfield code="u">https://gateway-bayern.de/VD16+R+3024</subfield>
    </datafield>
    <datafield tag="510" ind1="4" ind2=" ">
      <subfield code="a">Sabin, J. Dictionary of books relating to America from its discovery to the present time,</subfield>
      <subfield code="c">73000</subfield>
    </datafield>
    <datafield tag="510" ind1="4" ind2=" ">
      <subfield code="a">European Americana,</subfield>
      <subfield code="c">595/65.</subfield>
    </datafield>
    <datafield tag="510" ind1="4" ind2=" ">
      <subfield code="a">Shaaber, M.A. Check-list of works of British authors printed abroad, in languages other than English, to 1641,</subfield>
      <subfield code="c">E 19</subfield>
    </datafield>
    <datafield tag="510" ind1="4" ind2=" ">
      <subfield code="a">Frederik Muller &amp; Cie. Catalogue of books, maps, plates on America, and of a remarkable collection of early voyages,</subfield>
      <subfield code="c">1376 (p. 160-161)</subfield>
    </datafield>
    <datafield tag="650" ind1=" " ind2="0">
      <subfield code="a">Cities and towns</subfield>
      <subfield code="z">Europe</subfield>
      <subfield code="v">Early works to 1800.</subfield>
    </datafield>
    <datafield tag="651" ind1=" " ind2="0">
      <subfield code="a">Europe</subfield>
      <subfield code="x">Description and travel</subfield>
      <subfield code="v">Early works to 1800.</subfield>
    </datafield>
    <datafield tag="651" ind1=" " ind2="0">
      <subfield code="a">America</subfield>
      <subfield code="x">Description and travel</subfield>
      <subfield code="v">Early works to 1800.</subfield>
    </datafield>
    <datafield tag="650" ind1=" " ind2="6">
      <subfield code="a">Villes</subfield>
      <subfield code="z">Europe</subfield>
      <subfield code="v">Ouvrages avant 1800.</subfield>
    </datafield>
    <datafield tag="651" ind1=" " ind2="6">
      <subfield code="a">Amérique</subfield>
      <subfield code="x">Descriptions et voyages</subfield>
      <subfield code="v">Ouvrages avant 1800.</subfield>
    </datafield>
    <datafield tag="650" ind1=" " ind2="7">
      <subfield code="a">Cities and towns</subfield>
      <subfield code="2">fast</subfield>
    </datafield>
    <datafield tag="700" ind1="1" ind2=" ">
      <subfield code="a">Bassée, Nicolas,</subfield>
      <subfield code="d">-1601,</subfield>
      <subfield code="e">printer.</subfield>
      <subfield code="4">prt</subfield>
    </datafield>
    <datafield tag="700" ind1="1" ind2=" ">
      <subfield code="a">Edwards, Thomas</subfield>
      <subfield code="c">(Poet),</subfield>
      <subfield code="e">contributor,</subfield>
      <subfield code="e">attributed name.</subfield>
      <subfield code="4">ctb</subfield>
      <subfield code="4">att</subfield>
    </datafield>
    <datafield tag="700" ind1="1" ind2=" ">
      <subfield code="a">Helbach, Wendelin,</subfield>
      <subfield code="d">active 1571-1595,</subfield>
      <subfield code="e">contributor.</subfield>
      <subfield code="4">ctb</subfield>
    </datafield>
    <datafield tag="700" ind1="1" ind2="2">
      <subfield code="i">Abridged translation of:</subfield>
      <subfield code="a">Braun, Georg,</subfield>
      <subfield code="d">1540 or 1541-1622.</subfield>
      <subfield code="t">Civitates orbis terrarum.</subfield>
    </datafield>
    <datafield tag="700" ind1="0" ind2=" ">
      <subfield code="a">Rudolf</subfield>
      <subfield code="b">II,</subfield>
      <subfield code="c">Holy Roman Emperor,</subfield>
      <subfield code="d">1552-1612,</subfield>
      <subfield code="e">censor.</subfield>
      <subfield code="4">cns</subfield>
    </datafield>
    <datafield tag="752" ind1=" " ind2=" ">
      <subfield code="a">Germany</subfield>
      <subfield code="d">Frankfurt am Main,</subfield>
      <subfield code="e">publication place.</subfield>
      <subfield code="4">pup</subfield>
    </datafield>
  </record>